|
|
|
|
| LEADER |
00000cam a2200000 a 4500 |
| 001 |
vtls001373978 |
| 003 |
SK-MaSNL |
| 005 |
20260302071343.0 |
| 008 |
240226s1998 xo r 000 0 slo |
| 015 |
|
|
|a SNBA1999/12-04643
|
| 020 |
|
|
|a 8096798413
|
| 035 |
|
|
|a SNK000327851
|
| 035 |
|
|
|a urn:nbn:sk:snk-amjco7
|
| 035 |
|
|
|a urn:nbn:sk:snk-am002qc7
|
| 035 |
|
|
|a ABB96185-0B5C-48BE-B42D-F5E9DA79593C
|
| 040 |
|
|
|a SNK
|b slo
|c SNK
|e AACR2
|
| 041 |
1 |
|
|a slo
|h ger
|
| 044 |
|
|
|a xo
|c SK
|
| 080 |
|
|
|a 241.6:242
|2 1981
|
| 080 |
|
|
|a 242
|2 1981
|
| 130 |
1 |
4 |
|a Die Zehn Gebote Gottes
|l Slovensky
|9 732977
|
| 245 |
0 |
0 |
|a Desatoro Božích prikázaní
|b život prakresťanov
|
| 260 |
|
|
|a Žiar nad Hronom
|b Univerzálny život
|c 1998
|
| 300 |
|
|
|a 82 s.
|c 19 cm
|
| 630 |
0 |
7 |
|a Desatoro
|x výklady
|2 SNK
|9 394838
|
| 655 |
|
7 |
|a príručky
|2 SNK
|9 74364
|
| 919 |
|
|
|a 80-967984-1-3
|
| 958 |
|
|
|a NT
|
| 958 |
|
|
|a TL
|
| 958 |
|
|
|a OP
|
| 958 |
|
|
|a DE
|
| 958 |
|
|
|a NS
|
| 999 |
|
|
|c 1151699
|d 1153629
|
| 952 |
|
|
|t P60, <03>, [BOOK], {603}
|a SNK
|b SNK
|y PREZ
|7 0
|p 17A0212957
|o snkSD 70415
|i snkKSP 9809/99
|0 0
|1 0
|4 0
|d 1999-10-08
|l 0
|r 2005-01-02 00:00:00
|w 2026-02-24
|
| 952 |
|
|
|t P60, <04>, [BOOK], {604}
|a SNK
|b SNK
|y VYP
|7 0
|p 17A0212958
|o snkSD 70415 D1
|i snkKSP 9810/99
|0 0
|1 0
|4 0
|d 1999-10-08
|f 1
|l 0
|r 2005-01-02 00:00:00
|w 2026-02-24
|